| 000 | 01058nam a22003135a 4500 | ||
|---|---|---|---|
| 001 | 016807414 | ||
| 003 | OSt | ||
| 005 | 20160516154240.0 | ||
| 008 | 140910t2015 enka frb 001 0 eng d | ||
| 020 | _a9781292062020 (pbk.) | ||
| 020 | _a1292062029 (pbk.) | ||
| 040 |
_aStDuBDS _beng _cStDuBDS _dUk _dEG-ScBUE |
||
| 082 | 0 | 4 |
_a363.25 _bSAF _222 |
| 100 | 1 |
_aSaferstein, Richard, _d1941- _939993 |
|
| 245 | 1 | 0 |
_aCriminalistics : _ban introduction to forensic science / _cRichard Saferstein. |
| 250 | _a11th ed., Global ed. | ||
| 260 |
_aHarlow : _bPearson Education Limited, _cc.2015. |
||
| 300 |
_a547 p. : _bill. (black and white, and col.) ; _c28 cm. |
||
| 500 | _aPrevious edition: Boston : Prentice Hall, 2011. | ||
| 500 | _aIndex : p. 525-547. | ||
| 500 | _aIncludes appendix. | ||
| 504 | _aIncludes bibliographical references. | ||
| 650 | 7 |
_aCriminal investigation. _2BUEsh _939994 |
|
| 650 | 7 |
_aForensic ballistics _2BUEsh _939996 |
|
| 650 | 7 |
_aChemistry, Forensic. _2BUEsh _939995 |
|
| 651 | _2BUEsh | ||
| 653 |
_bPPhrm _cMay2016 |
||
| 942 | _2ddc | ||
| 999 |
_c21760 _d21732 |
||